00637nam a2200169 a 4500008004100000050001500041100001900056245004200075260004200117300001000159350000900169650001400178650004800192995008700240999001700327952012300344120416s1967 ||||||||||||||||| || u aHC 905 Hor aHorwitz, Ralph14aThe political economy of South Africa aLondonbWeidenfeld and Nicalsonc1967 a522p. a0.00 0aECONOMICS aECONOMICS--AFRICA--SOUTH--POLITICAL ASPECTS D0.00FCBU-MAIN LIBRARY (Kitwe)H1I0.00M1UAVAILABLEZAnnex Low-Usage Collection  c53916d53916 00102lcc4070a001b001cAnnex Low-Usage Collection d2022-11-30l0oHC 905 Horp002992r2022-11-30w2022-11-30y002